000 00593nam a22001937a 4500
999 _c188492
_d188492
005 20220525112338.0
010 _aENG-132816
020 _a9789386515667
_c2239.00
035 _aEN-116348
037 _bDBAD/PUB
082 _a347
100 _aSpare, Akshay
245 _aThe Law of Torts/
_cAkshay Sapre
250 _a28th Edition
260 _aHaryana
_bLexisNexis
_c2018
270 _a14th Floor, Building No. 10, Tower-B, DLF Cyber City, Phase-II
_bGurgaon
_e122002
_mhelp.in@lexisnexis.com
300 _axcxvi, 885p
_bIndex
_c25cm(hbk)
942 _2ddc
_cEN
_h347
_mSAP